| 000 | 00589nam a2200229Ia 4500 | ||
|---|---|---|---|
| 003 | OSt | ||
| 005 | 20221005115226.0 | ||
| 006 | a|||||r|||| 00| 0 | ||
| 007 | ta | ||
| 008 | 221004b |||||||| |||| 00| 0 eng d | ||
| 024 | _a67157 | ||
| 037 | _cTextual | ||
| 040 |
_aCRL _cCRL _beng |
||
| 041 |
_2eng _aeng |
||
| 082 | _aV72:1:N2, F9 | ||
| 100 |
_aBorden Robert _9627293 |
||
| 245 | 0 | _aCanada in the Commonwealth from conflict to co-operation | |
| 260 | _c1929 | ||
| 650 | _aHISTORY | ||
| 942 |
_hV72:1:N2, F9 _cTEXL _2cc |
||
| 999 |
_c1033855 _d1033855 |
||